| 000 | 00479nam a22001817a 4500 | ||
|---|---|---|---|
| 003 | NUST - PNEC | ||
| 005 | 20170116180822.0 | ||
| 008 | 150623b xxu||||| |||| 00| 0 eng d | ||
| 020 | _a8179921662 | ||
| 040 | _cLIRARAY | ||
| 082 | _a512.24 COL | ||
| 100 |
_94161 _aCollani |
||
| 245 |
_aHandbook for scientists & engineers _cElart Von Collani |
||
| 260 |
_aDelhi _bJaico Publishing House ( _cc2004. |
||
| 300 | _a358 p. : | ||
| 650 |
_94162 _aEngineers _xME |
||
| 942 |
_2ddc _cBK |
||
| 999 |
_c63769 _d63769 |
||